000
00266nam a2200097Ia 4500
001
683562
005
20250826161441.0
008
250824s9999 xx 000 0 und d
245
0
_a
GİZLİ HAZİ,NELER MUMYALAR VE ARKEOLOJİ
_c
NİCK ARNOLD
260
_b
TİMAŞ YAYINLARI
999
_c
683562
_d
683562